000 00341 a2200157 4500
001 64304
020 _a9788516047085
040 _cAnchieta - Pituba
100 _aBandeira, Pedro
240 1 0 _aAgora estou sozinha
_lpor
245 1 0 _aAgora estou sozinha
300 _a119
362 0 _a2003
650 4 _aLiteratura juvenil
942 _cBK
999 _c64304
_d64304